| 000 | 00785cam a2200253 a 4500 | ||
|---|---|---|---|
| 020 | _a086531389X | ||
| 020 | _a086531425X (pbk.) | ||
| 040 | _cDLC | ||
| 082 | 0 | 0 | _a338 WES 1982 A077 Or. |
| 100 | 1 | _aShaner, W. W. | |
| 245 | 1 | 0 |
_aFarming systems research and development : _bguidelines for developing countries / |
| 260 |
_aBoulder, Colo. : _bWestview Press, _c1982. |
||
| 300 |
_a414 p. : _bill. ; _c29 cm. |
||
| 500 | _aAt head of title: A Consortium for International Development study. | ||
| 500 | _aIncludes index. | ||
| 650 | 0 | _aAgriculture | |
| 650 | 0 | _aAgricultural systems | |
| 650 | 0 | _aAgriculture | |
| 650 | 0 | _aAgricultural systems | |
| 700 | 1 | _aPhilipp, P. F. | |
| 700 | 1 | _aSchmehl, W. R. | |
| 710 | 2 | _aConsortium for International Development. | |
| 942 | _cEK | ||
| 999 |
_c15595 _d15595 |
||